[Event "SG Werl-Wickede 1 - SG Gladbeck 1"]
[Site "Verbandsliga - Gr. 1 2019/202"]
[Date "2021.07.18"]
[Round "8.5"]
[White "Winzbeck, Frank"]
[Black "Huegel, Guido"]
[Result "1-0"]
[WhiteElo "1863"]
[BlackElo "1773"]
[PlyCount "109"]
[EventDate "2021.??.??"]
[WhiteTeam "SG Gladbeck 1"]
[BlackTeam "SG Werl-Wickede 1"]

1. d4 Nf6 2. c4 e6 3. Nf3 d5 4. Nc3 c6 5. Bg5 Be7 6. e3 Nbd7 7. a3 O-O 8. Qc2
h6 9. Bh4 Re8 10. Bd3 dxc4 11. Bxc4 Qc7 12. O-O b6 13. Rac1 Bb7 14. Rfd1 Rac8
15. e4 b5 16. Ba2 g5 17. Bg3 Qb6 18. e5 Nh5 19. Bxe6 fxe6 20. Qg6+ Ng7 21. Qxh6
c5 22. dxc5 Nxc5 23. Nxg5 Bxg5 24. Qxg5 Qc6 25. f3 Nb3 26. Rd6 Qc7 27. Rcd1 Qe7
28. Qxe7 Rxe7 29. Bh4 Rec7 30. Bf6 Bd5 31. Nxd5 exd5 32. R6xd5 Ne6 33. Rxb5
Nbd4 34. Rd5 Rc2 35. R5xd4 Nxd4 36. Rxd4 R8c6 37. h4 Rxb2 38. Rg4+ Kf8 39. h5
Rb1+ 40. Kh2 Rcc1 41. h6 Rh1+ 42. Kg3 Rb7 43. Bg7+ Kf7 44. Rf4+ Kg6 45. Re4 Rh5
46. e6 Re7 47. Bf8 Rg5+ 48. Kf2 Re8 49. e7 Ra5 50. Re3 Rf5 51. g4 Rc5 52. Re6+
Kh7 53. Ra6 Rc7 54. Rd6 Rcc8 55. g5 1-0

[Event "SG Werl-Wickede 1 - SG Gladbeck 1"]
[Site "Verbandsliga - Gr. 1 2019/202"]
[Date "2021.07.18"]
[Round "8.6"]
[White "Zimmer, Sebastian"]
[Black "Kruse, Peter"]
[Result "0-1"]
[WhiteElo "1681"]
[BlackElo "1960"]
[PlyCount "86"]
[EventDate "2021.??.??"]
[WhiteTeam "SG Werl-Wickede 1"]
[BlackTeam "SG Gladbeck 1"]

1. e4 c5 2. Nc3 g6 3. f4 Bg7 4. Nf3 Nc6 5. Bb5 e6 6. O-O Nge7 7. d3 O-O 8. Be3
d6 9. Qd2 Nd4 10. e5 Nef5 11. Bxd4 Nxd4 12. exd6 Qxd6 13. Bc4 b6 14. Ne4 Qxf4
15. c3 Nxf3+ 16. Rxf3 Qxd2 17. Nxd2 Bb7 18. Re3 Bh6 19. Re2 Bxd2 20. Rxd2 Rfd8
21. Re1 a6 22. a3 Bd5 23. Bxd5 Rxd5 24. Kf2 Rad8 25. Re3 c4 26. Ke2 cxd3+ 27.
Rdxd3 Rxd3 28. Rxd3 Rxd3 29. Kxd3 Kf8 30. c4 Ke7 31. Kd4 Kd6 32. b4 e5+ 33. Ke4
f5+ 34. Ke3 a5 35. g3 axb4 36. axb4 g5 37. Kf3 e4+ 38. Ke3 Ke5 39. h3 f4+ 40.
Kf2 Kd4 41. c5 bxc5 42. b5 Kd5 43. h4 h6 0-1

[Event "SG Werl-Wickede 1 - SG Gladbeck 1"]
[Site "Verbandsliga - Gr. 1 2019/202"]
[Date "2021.07.18"]
[Round "8.7"]
[White "Hassenrueck, Helmut"]
[Black "Mueller, Andreas"]
[Result "0-1"]
[WhiteElo "2091"]
[BlackElo "1720"]
[PlyCount "110"]
[EventDate "2021.??.??"]
[WhiteTeam "SG Gladbeck 1"]
[BlackTeam "SG Werl-Wickede 1"]

1. d4 d5 2. Nf3 Bf5 3. c4 e6 4. Nc3 Nf6 5. Bg5 c6 6. e3 Be7 7. Qb3 Qb6 8. c5
Qc7 9. Bf4 Qc8 10. Nh4 O-O 11. Nxf5 exf5 12. h3 Nbd7 13. Bd3 g6 14. Qc2 Nh5 15.
Bh2 Ndf6 16. O-O Bd8 17. b4 Bc7 18. b5 Bxh2+ 19. Kxh2 Ne4 20. Ne2 Qc7+ 21. g3
Rfe8 22. a4 Kg7 23. Rab1 Qa5 24. Rb2 Re7 25. g4 fxg4 26. hxg4 Qc7+ 27. Kg2 Nhf6
28. f3 Ng5 29. Ng3 Rxe3 30. Qd2 Qf4 31. Ne2 Nxf3 32. Nxf4 Nxd2 33. Rxd2 Nxg4
34. bxc6 bxc6 35. Rb1 h5 36. Rb7 h4 37. Rc7 g5 38. Ne2 h3+ 39. Kg1 h2+ 40. Kg2
Rh8 41. Rd1 Rxd3 42. Rh1 Re8 43. Ng3 Rd2+ 44. Kf3 Nf2 45. Rf1 g4+ 46. Kf4 Rxd4+
47. Kg5 Nh3+ 48. Kh4 Rh8+ 49. Nh5+ Rxh5+ 50. Kxh5 Nf2 51. Rxf7+ Kxf7 52. Rxf2+
Ke6 53. Rxh2 Rxa4 54. Kg5 Ke5 55. Rh6 g3 0-1

[Event "SG Werl-Wickede 1 - SG Gladbeck 1"]
[Site "Verbandsliga - Gr. 1 2019/202"]
[Date "2021.07.18"]
[Round "8.8"]
[White "Krahn, Reinhard"]
[Black "Rickert, Dirk"]
[Result "1/2-1/2"]
[WhiteElo "1762"]
[BlackElo "1801"]
[PlyCount "58"]
[EventDate "2021.??.??"]
[WhiteTeam "SG Werl-Wickede 1"]
[BlackTeam "SG Gladbeck 1"]

1. e4 e5 2. Nf3 Nc6 3. Bb5 a6 4. Ba4 b5 5. Bb3 Be7 6. c3 Nf6 7. d3 d6 8. h3 Na5
9. Bc2 c5 10. O-O O-O 11. a4 Bd7 12. Bd2 Nc6 13. axb5 axb5 14. Na3 Qb6 15. Qe2
Qb7 16. b4 cxb4 17. cxb4 d5 18. Rfb1 d4 19. Qe1 h6 20. Bb3 Bd6 21. Nc2 Rxa1 22.
Rxa1 Ra8 23. Rxa8+ Qxa8 24. Qc1 Qc8 25. Bxh6 Bxh3 26. Qg5 Qg4 27. Qxg4 Bxg4 28.
Bd2 Bd7 29. Ng5 Be8 1/2-1/2

[Event "Weiße Dame Borbeck 1 - SV Erkenschwick "]
[Site "Verbandsliga - Gr. 1 2019/202"]
[Date "2021.07.18"]
[Round "8.2"]
[White "Korste, Sebastian"]
[Black "Jungbluth, Rolf"]
[Result "1/2-1/2"]
[WhiteElo "2008"]
[BlackElo "1984"]
[PlyCount "22"]
[EventDate "2021.??.??"]
[WhiteTeam "Weiße Dame Borbeck 1"]
[BlackTeam "SV Erkenschwick 2"]

1. d4 d5 2. c4 e6 3. Nc3 Nf6 4. cxd5 exd5 5. Bg5 Be7 6. e3 c6 7. Bd3 Nbd7 8.
Qc2 O-O 9. Nf3 Re8 10. O-O Nf8 11. Rfe1 Be6 1/2-1/2

[Event "Sport Union Annen 1 - SF Essen-Werden 2"]
[Site "Verbandsklasse - Gr. 1 2019/2"]
[Date "2021.08.08"]
[Round "9.2"]
[White "Al Ali, Mohammad"]
[Black "Blank, Stephan"]
[Result "1/2-1/2"]
[WhiteElo "1858"]
[BlackElo "1825"]
[PlyCount "99"]
[EventDate "2021.??.??"]
[WhiteTeam "Sport Union Annen 1"]
[BlackTeam "SF Essen-Werden 2"]

1. Nf3 g6 2. e3 Bg7 3. c4 d6 4. Nc3 Nf6 5. Be2 O-O 6. O-O c5 7. d4 Nbd7 8. Qc2
a6 9. Rd1 Qc7 10. h3 Rb8 11. a3 cxd4 12. exd4 b5 13. cxb5 axb5 14. Qb3 Qa5 15.
Bxb5 Bb7 16. Nd2 Qa8 17. Qa4 Nb6 18. Qxa8 Bxa8 19. a4 Nbd5 20. Nxd5 Nxd5 21.
Nc4 Nb4 22. Na3 Rfc8 23. Bd2 Nd5 24. Ba5 Nf4 25. f3 Bc6 26. Kf2 Bxb5 27. axb5
Ne6 28. Bc3 Nc7 29. Re1 Kf8 30. Rec1 Nxb5 31. Nxb5 Rxb5 32. Ke2 Rcb8 33. Ra6 e5
34. d5 Rxd5 35. b4 Ke7 36. Be1 Ke6 37. Rc7 Rdb5 38. Raa7 Rf8 39. g4 Bf6 40. Bd2
g5 41. Kd3 Rbb8 42. Kc4 h6 43. b5 Rfc8 44. Kb4 Rxc7 45. Rxc7 Bd8 46. Rc6 Bb6
47. Kc4 Rb7 48. Be1 Kd7 49. Kd5 Bc5 50. Kc4 1/2-1/2

[Event "Sport Union Annen 1 - SF Essen-Werden 2"]
[Site "Verbandsklasse - Gr. 1 2019/2"]
[Date "2021.08.08"]
[Round "9.3"]
[White "Brixius, Dirk"]
[Black "Herrmann, Uwe"]
[Result "0-1"]
[WhiteElo "1810"]
[BlackElo "1855"]
[PlyCount "122"]
[EventDate "2021.??.??"]
[WhiteTeam "SF Essen-Werden 2"]
[BlackTeam "Sport Union Annen 1"]

1. c4 Nf6 2. Nc3 g6 3. g3 Bg7 4. Bg2 d6 5. d4 O-O 6. e3 Nbd7 7. Nge2 e5 8. O-O
Re8 9. Qc2 Rb8 10. b3 a6 11. Bb2 b5 12. cxb5 axb5 13. Rac1 Bb7 14. h3 Bxg2 15.
Kxg2 c5 16. dxc5 Nxc5 17. Rfd1 Qb6 18. Nd5 Qb7 19. Qd2 Nfe4 20. Qb4 Nf6 21. Qd2
Ra8 22. Nec3 b4 23. Na4 Nxa4 24. bxa4 Rxa4 25. Rc7 Qxd5+ 26. Qxd5 Nxd5 27. Rxd5
Rxa2 28. Bc1 b3 29. Rb5 Rc2 30. Rxc2 bxc2 31. Rb6 d5 32. Rc6 d4 33. exd4 exd4
34. Rxc2 Bf6 35. Bh6 d3 36. Rd2 Rd8 37. Kf3 Bc3 38. Rd1 f6 39. Bd2 Be5 40. Rb1
Rd7 41. Rb3 f5 42. Rb5 Bg7 43. Rb3 Kf7 44. Rb6 Bf8 45. Rb3 Ke6 46. h4 Bc5 47.
Rb5 Kd5 48. Be3 Rc7 49. Bf4 Kc4 50. Rb1 Rd7 51. Rc1+ Kb5 52. Rd1 Kb4 53. Rb1+
Kc4 54. Rc1+ Kb5 55. Rd1 Rd5 56. Be3 Bb4 57. Bd2 Bxd2 58. Rxd2 Kc4 59. Rd1 Kc3
60. Kf4 Kc2 61. Ra1 d2 0-1

[Event "Sport Union Annen 1 - SF Essen-Werden 2"]
[Site "Verbandsklasse - Gr. 1 2019/2"]
[Date "2021.08.08"]
[Round "9.4"]
[White "Hartung, Thomas"]
[Black "Biermann, Klaus"]
[Result "0-1"]
[WhiteElo "1860"]
[BlackElo "1807"]
[PlyCount "62"]
[EventDate "2021.??.??"]
[WhiteTeam "Sport Union Annen 1"]
[BlackTeam "SF Essen-Werden 2"]

1. e4 c5 2. Nf3 g6 3. d4 cxd4 4. Nxd4 Bg7 5. Nc3 Nc6 6. Be3 d6 7. Bc4 Nf6 8. f3
a6 9. Qd2 Bd7 10. Bb3 Rc8 11. O-O-O Na5 12. Kb1 Nc4 13. Bxc4 Rxc4 14. g4 b5 15.
h4 h5 16. g5 Nh7 17. f4 Bg4 18. Rdf1 e5 19. Nde2 exf4 20. Bxf4 O-O 21. Qd3 Qa5
22. Nd5 Re8 23. Bd2 Qd8 24. Ng3 Be5 25. Bc3 Be6 26. Nf6+ Nxf6 27. gxf6 Bxc3 28.
bxc3 Qa5 29. Ne2 Rxe4 30. Nd4 Qxa2+ 31. Kc1 Bc4 0-1

[Event "Sport Union Annen 1 - SF Essen-Werden 2"]
[Site "Verbandsklasse - Gr. 1 2019/2"]
[Date "2021.08.08"]
[Round "9.5"]
[White "Akcapinar, Yavuz"]
[Black "Kurz, Heinrich"]
[Result "1-0"]
[WhiteElo "1766"]
[BlackElo "1550"]
[PlyCount "87"]
[EventDate "2021.??.??"]
[WhiteTeam "SF Essen-Werden 2"]
[BlackTeam "Sport Union Annen 1"]

1. e4 c5 2. Nc3 Nc6 3. f4 d6 4. Nf3 Bg4 5. Bb5 Nf6 6. Bxc6+ bxc6 7. O-O g6 8.
d3 Bg7 9. Na4 O-O 10. c4 Rb8 11. Rb1 Qc7 12. Kh1 h6 13. b3 Nd7 14. Bb2 Bd4 15.
Qe1 Bxf3 16. Rxf3 e5 17. f5 Qd8 18. Bc1 g5 19. Qe2 Kg7 20. Rg3 f6 21. Rh3 Rh8
22. Bd2 Qe8 23. Rh5 Kf7 24. Qg4 Qg8 25. Rf1 Ke7 26. Rf3 Qg7 27. Rfh3 Rbg8 28.
Qe2 Rh7 29. Bc1 Rgh8 30. Qd2 Qg8 31. g4 Qb8 32. Kg2 Qb4 33. Qd1 Kf7 34. Bd2 Qb7
35. Qc1 Kg7 36. Rg3 Kf7 37. Kf3 Qb8 38. Qh1 Nb6 39. Nc3 Nd7 40. h4 Qb4 41. Nb1
Qb8 42. hxg5 fxg5 43. Bxg5 Kg7 44. Rgh3 1-0

[Event "Sport Union Annen 1 - SF Essen-Werden 2"]
[Site "Verbandsklasse - Gr. 1 2019/2"]
[Date "2021.08.08"]
[Round "9.6"]
[White "Sieberg, Klaus"]
[Black "Eggebrecht, Stefan"]
[Result "1/2-1/2"]
[WhiteElo "1645"]
[BlackElo "1763"]
[PlyCount "37"]
[EventDate "2021.??.??"]
[WhiteTeam "Sport Union Annen 1"]
[BlackTeam "SF Essen-Werden 2"]

1. e4 c6 2. Nf3 d5 3. exd5 cxd5 4. d4 Nc6 5. Bb5 Bf5 6. O-O e6 7. Bf4 Nf6 8. c3
Rc8 9. Nbd2 Be7 10. Nh4 Bg4 11. Qa4 Nh5 12. Be3 Bxh4 13. f3 Bg5 14. Bxg5 Qxg5
15. fxg4 Qxd2 16. Rf2 Qg5 17. gxh5 O-O 18. Rf3 a6 19. Bd3 1/2-1/2

[Event "Sport Union Annen 1 - SF Essen-Werden 2"]
[Site "Verbandsklasse - Gr. 1 2019/2"]
[Date "2021.08.08"]
[Round "9.7"]
[White "Mann, Gergely"]
[Black "Heile, Dennis"]
[Result "1/2-1/2"]
[WhiteElo "1705"]
[BlackElo "1604"]
[PlyCount "44"]
[EventDate "2021.??.??"]
[WhiteTeam "SF Essen-Werden 2"]
[BlackTeam "Sport Union Annen 1"]

1. d4 f5 2. Nc3 Nf6 3. Bg5 e6 4. e4 fxe4 5. Bxf6 Qxf6 6. Nxe4 Qh4 7. Bd3 Nc6 8.
Nf3 Qh6 9. Qe2 Be7 10. c3 d5 11. Ned2 Bd7 12. Bb5 O-O-O 13. Bxc6 Bxc6 14. Ne5
Be8 15. O-O-O Rd6 16. Kb1 Rf8 17. h3 Rb6 18. Ndf3 Bg6+ 19. Ka1 Be4 20. Rhg1 Qf4
21. Qe3 Qxe3 22. fxe3 Bxf3 1/2-1/2

[Event "Sport Union Annen 1 - SF Essen-Werden 2"]
[Site "Verbandsklasse - Gr. 1 2019/2"]
[Date "2021.08.08"]
[Round "9.8"]
[White "Lackner, Andreas"]
[Black "Rother, Josef"]
[Result "1/2-1/2"]
[WhiteElo "1494"]
[BlackElo "1757"]
[PlyCount "50"]
[EventDate "2021.??.??"]
[WhiteTeam "Sport Union Annen 1"]
[BlackTeam "SF Essen-Werden 2"]

1. c4 c5 2. g3 Nc6 3. Bg2 Nf6 4. Nc3 e6 5. e4 d6 6. Nge2 Be7 7. O-O O-O 8. d3
a6 9. a3 Rb8 10. Rb1 Nd4 11. Nxd4 cxd4 12. Ne2 e5 13. Bd2 b5 14. b3 bxc4 15.
bxc4 Bg4 16. f3 Bd7 17. Rxb8 Qxb8 18. Qc2 Qc7 19. Rb1 Rb8 20. Rxb8+ Qxb8 21.
Nc1 Bc6 22. Qb3 Qxb3 23. Nxb3 Ba4 24. Nc1 Nd7 25. Kf2 Nc5 1/2-1/2

[Event "SV Hamm 1 - SG Bochum 3"]
[Site "Verbandsklasse - Gr. 2 2019/2"]
[Date "2021.08.08"]
[Round "9.2"]
[White "Voss, Hubertus"]
[Black "Finke, Dominik"]
[Result "1-0"]
[WhiteElo "2073"]
[BlackElo "1924"]
[PlyCount "111"]
[EventDate "2021.??.??"]
[WhiteTeam "SV Hamm 1"]
[BlackTeam "SG Bochum 3"]

1. e4 e5 2. Nf3 Nc6 3. d4 exd4 4. Bc4 Bb4+ 5. c3 dxc3 6. O-O Nf6 7. e5 d5 8.
Bb3 Ng4 9. Bxd5 O-O 10. bxc3 Bc5 11. Bf4 Ne7 12. Bb3 Qxd1 13. Bxd1 Ng6 14. Bg3
Re8 15. Re1 Nh6 16. Bb3 Be6 17. Nbd2 Nf5 18. Ne4 Bb6 19. Rad1 Bxb3 20. axb3
Rad8 21. Rxd8 Rxd8 22. Kf1 Kf8 23. b4 a5 24. Ra1 axb4 25. cxb4 Ke7 26. Rc1 Rd5
27. Nc3 Rd7 28. Na4 Ba7 29. Nc5 Bxc5 30. Rxc5 Nf8 31. Bh4+ Nxh4 32. Nxh4 g6 33.
Nf3 Ne6 34. Rc4 f6 35. exf6+ Kxf6 36. Ke2 c6 37. Ke3 h6 38. Nd2 Nc7 39. Ne4+
Ke5 40. f4+ Kf5 41. g4+ Ke6 42. Nc5+ Kd6 43. Nxd7 Kxd7 44. Ke4 Ke6 45. Rc1 Nd5
46. b5 Nf6+ 47. Kf3 cxb5 48. Rb1 h5 49. gxh5 Nxh5 50. Rxb5 Kf6 51. Rxb7 Ng7 52.
Kg4 Nf5 53. Rb6+ Kf7 54. Kg5 Ne7 55. Rb7 Ke6 56. Rxe7+ 1-0

[Event "SV Hamm 1 - SG Bochum 3"]
[Site "Verbandsklasse - Gr. 2 2019/2"]
[Date "2021.08.08"]
[Round "9.4"]
[White "Hufelschulte, Norbert"]
[Black "Walny, Benjamin"]
[Result "1-0"]
[WhiteElo "2017"]
[BlackElo "1796"]
[PlyCount "101"]
[EventDate "2021.??.??"]
[WhiteTeam "SV Hamm 1"]
[BlackTeam "SG Bochum 3"]

1. d4 Nf6 2. c4 g6 3. Nc3 d5 4. Nf3 Bg7 5. Bg5 Ne4 6. cxd5 Nxc3 7. bxc3 Qxd5 8.
e3 Bg4 9. Be2 Nd7 10. Bh4 Qh5 11. Bg3 c5 12. O-O O-O 13. h3 Be6 14. Ne5 Qg5 15.
Bf4 Qf6 16. Bf3 Rad8 17. Qa4 g5 18. Bg3 Bxh3 19. Bxb7 Be6 20. Qxa7 cxd4 21.
cxd4 h5 22. Bc6 h4 23. Bh2 Nb8 24. Be4 Nd7 25. Nxd7 Rxd7 26. Qc5 g4 27. Qh5 Qh6
28. Qxh6 Bxh6 29. Rfe1 f5 30. Bc2 Rc8 31. Bb3 Bxb3 32. axb3 Rc3 33. Rab1 g3 34.
fxg3 Bxe3+ 35. Kf1 hxg3 36. Bxg3 Bxd4 37. Be5 Rd3 38. Bxd4 R3xd4 39. Re5 R4d5
40. Rxd5 Rxd5 41. b4 Kf7 42. b5 Rd7 43. Ke2 Ke6 44. Ke3 Ke5 45. b6 Rb7 46. Rb5+
Kd6 47. Kf4 e6 48. Rb2 Kd7 49. Ke5 Ke7 50. g3 Kf7 51. Kd6 1-0

[Event "SV Hamm 1 - SG Bochum 3"]
[Site "Verbandsklasse - Gr. 2 2019/2"]
[Date "2021.08.08"]
[Round "9.5"]
[White "Stachnik, Adam"]
[Black "Woertler, Lars-Erik"]
[Result "0-1"]
[WhiteElo "1804"]
[BlackElo "1939"]
[PlyCount "68"]
[EventDate "2021.??.??"]
[WhiteTeam "SG Bochum 3"]
[BlackTeam "SV Hamm 1"]

1. e4 c5 2. d4 cxd4 3. c3 dxc3 4. Nxc3 Nc6 5. Nf3 g6 6. Bc4 Bg7 7. O-O d6 8.
Qe2 Nf6 9. Rd1 Qa5 10. h3 O-O 11. Nd5 Nxd5 12. Bxd5 Bd7 13. Bg5 Rfe8 14. Qc4 e6
15. Bxc6 Bxc6 16. Rxd6 Bxb2 17. Rb1 Bg7 18. h4 Qa4 19. Rc1 Qxc4 20. Rxc4 h6 21.
Be3 Red8 22. Rxd8+ Rxd8 23. Bxa7 Ra8 24. Be3 Rxa2 25. Nd4 Ra4 26. Rxa4 Bxa4 27.
f4 e5 28. fxe5 Bxe5 29. Kf2 Kg7 30. Ke2 h5 31. Kd3 Bg3 32. Nf3 Bb5+ 33. Kd2 Bf1
34. Ne1 Bxh4 0-1

[Event "SV Hamm 1 - SG Bochum 3"]
[Site "Verbandsklasse - Gr. 2 2019/2"]
[Date "2021.08.08"]
[Round "9.6"]
[White "Brieger, Sebastian"]
[Black "Butschek, Gerhard"]
[Result "0-1"]
[WhiteElo "1784"]
[BlackElo "1684"]
[PlyCount "74"]
[EventDate "2021.??.??"]
[WhiteTeam "SV Hamm 1"]
[BlackTeam "SG Bochum 3"]

1. e4 b6 2. d4 Bb7 3. Bd3 Nf6 4. Qe2 e6 5. Nf3 Be7 6. O-O d6 7. c4 Nbd7 8. Nc3
c5 9. d5 e5 10. Ne1 a6 11. Bc2 Qc7 12. Nd3 h5 13. a3 O-O-O 14. Bd2 Rdg8 15. Ne1
g5 16. b4 h4 17. Na4 Nh5 18. Rb1 Nf4 19. Qg4 Kd8 20. bxc5 dxc5 21. Bxf4 gxf4
22. Qf3 Ke8 23. Qb3 Bd8 24. Nf3 Qd6 25. Rfd1 Rg6 26. Ne1 Rhg8 27. Qf3 Bc8 28.
Bd3 Nf6 29. h3 Nh7 30. Kh2 Ng5 31. Qh5 Rh6 32. Qe2 Qd7 33. Qg4 Qxg4 34. hxg4
Bxg4 35. f3 Bd7 36. Nc3 h3 37. Bf1 hxg2+ 0-1

[Event "SV Hamm 1 - SG Bochum 3"]
[Site "Verbandsklasse - Gr. 2 2019/2"]
[Date "2021.08.08"]
[Round "9.7"]
[White "Gerzen, Robin"]
[Black "Boelling, Andreas"]
[Result "0-1"]
[WhiteElo "1674"]
[BlackElo "1795"]
[PlyCount "74"]
[EventDate "2021.??.??"]
[WhiteTeam "SG Bochum 3"]
[BlackTeam "SV Hamm 1"]

1. e4 c5 2. c3 d5 3. exd5 Qxd5 4. d4 e6 5. Nf3 Nf6 6. Be2 Be7 7. O-O O-O 8. Bf4
Nc6 9. Re1 a6 10. c4 Qf5 11. Qd2 Ne4 12. Qe3 cxd4 13. Nxd4 Nxd4 14. Qxd4 Qxf4
15. Bf3 f5 16. Bxe4 fxe4 17. Nc3 Bf6 18. Qxe4 Bxc3 19. bxc3 Qxf2+ 20. Kh1 Qf5
21. Qe2 Bd7 22. Rf1 Qg6 23. Rad1 Bc6 24. Rg1 Rae8 25. Rd6 Qf5 26. Rdd1 e5 27.
Rgf1 Qg5 28. Rxf8+ Rxf8 29. h3 Qh4 30. Rd3 e4 31. Re3 Rf2 32. Qd1 Qf4 33. Re1
h6 34. c5 e3 35. Qd8+ Kh7 36. Qd3+ Be4 37. Qxe3 Rf1+ 0-1

[Event "SV Hamm 1 - SG Bochum 3"]
[Site "Verbandsklasse - Gr. 2 2019/2"]
[Date "2021.08.08"]
[Round "9.8"]
[White "Vierbuchen, Joachim"]
[Black "Hofmann, Benjamin"]
[Result "1/2-1/2"]
[WhiteElo "1850"]
[BlackElo "1590"]
[PlyCount "56"]
[EventDate "2021.??.??"]
[WhiteTeam "SV Hamm 1"]
[BlackTeam "SG Bochum 3"]

1. d4 d5 2. c4 e6 3. Nc3 Nf6 4. Bg5 Bb4 5. e3 O-O 6. Nf3 Nbd7 7. Qb3 Bxc3+ 8.
bxc3 c6 9. Be2 Re8 10. O-O h6 11. Bf4 Ne4 12. cxd5 exd5 13. Rfd1 g5 14. Bg3 h5
15. h4 Nxg3 16. fxg3 g4 17. Ne1 Rxe3 18. Kf2 Qe7 19. Bd3 Re6 20. Kg1 Nf6 21.
Qc2 Ne4 22. Kh2 Qd6 23. Bxe4 Rxe4 24. Nd3 Bf5 25. Qd2 Rae8 26. Nf4 Bg6 27. Rf1
Re3 28. Rf2 b6 1/2-1/2

[Event "SV Unser Fritz 1 - SG Mengede 1"]
[Site "Verbandsklasse - Gr. 3 2019/2"]
[Date "2021.08.08"]
[Round "9.2"]
[White "Jungbluth, Michael"]
[Black "Bork, Sophie"]
[Result "1-0"]
[WhiteElo "2017"]
[BlackElo "1885"]
[PlyCount "91"]
[EventDate "2021.??.??"]
[WhiteTeam "SV Unser Fritz 1"]
[BlackTeam "SG Mengede 1"]

1. d4 d5 2. c4 e6 3. Nf3 c5 4. e3 Nf6 5. Nc3 a6 6. b3 cxd4 7. exd4 Bb4 8. Bd2
Nc6 9. a3 Bxc3 10. Bxc3 Ne4 11. Qc2 Nxc3 12. Qxc3 O-O 13. Bd3 dxc4 14. bxc4 Qa5
15. Qxa5 Nxa5 16. Rb1 Rd8 17. Ke2 Nc6 18. Rhd1 f5 19. Bc2 b5 20. c5 Na5 21. Ne5
Bb7 22. a4 Nc6 23. axb5 axb5 24. Nxc6 Bxc6 25. Bb3 Kf7 26. f3 Kf6 27. Rd3 Bd5
28. Bxd5 exd5 29. Rd2 Ra5 30. Rdb2 Rb8 31. Kd3 Ra3+ 32. Rb3 Rxb3+ 33. Rxb3 Ke6
34. Kc3 Kd7 35. Kb4 f4 36. Ra3 Rb7 37. Ra6 Kc7 38. Re6 Kd8 39. Rd6+ Kc7 40.
Rxd5 Ra7 41. Rf5 Ra4+ 42. Kxb5 Rxd4 43. Rf7+ Kd8 44. Rxg7 Rd2 45. c6 Rb2+ 46.
Kc5 1-0

[Event "SV Unser Fritz 1 - SG Mengede 1"]
[Site "Verbandsklasse - Gr. 3 2019/2"]
[Date "2021.08.08"]
[Round "9.3"]
[White "Ewers, Christian"]
[Black "Mikulski, Georg"]
[Result "0-1"]
[WhiteElo "1762"]
[BlackElo "1902"]
[PlyCount "38"]
[EventDate "2021.??.??"]
[WhiteTeam "SG Mengede 1"]
[BlackTeam "SV Unser Fritz 1"]

1. e4 e5 2. Bc4 Nf6 3. d3 Nc6 4. Nf3 Be7 5. O-O O-O 6. Nc3 d6 7. h3 Na5 8. b4
Nxc4 9. dxc4 Be6 10. Qd3 Nd7 11. Be3 b6 12. Nd2 Kh8 13. Nd5 f5 14. exf5 Bxf5
15. Ne4 Nf6 16. f3 Qd7 17. g4 Bxe4 18. Nxf6 Bxd3 19. Nxd7 Bxf1 0-1

[Event "SV Unser Fritz 1 - SG Mengede 1"]
[Site "Verbandsklasse - Gr. 3 2019/2"]
[Date "2021.08.08"]
[Round "9.4"]
[White "Tober, Julian"]
[Black "Kraus, Reinhard"]
[Result "1-0"]
[WhiteElo "1811"]
[BlackElo "1797"]
[PlyCount "61"]
[EventDate "2021.??.??"]
[WhiteTeam "SV Unser Fritz 1"]
[BlackTeam "SG Mengede 1"]

1. e4 c5 2. d4 cxd4 3. Qxd4 Nc6 4. Qe3 Nf6 5. Bd2 d6 6. Nc3 Ng4 7. Qg3 Qb6 8.
h3 Nd4 9. Bd3 Ne5 10. f4 Nxd3+ 11. Qxd3 e5 12. O-O-O Be6 13. f5 Bxa2 14. Nxa2
Rc8 15. Bc3 Nb5 16. Bxe5 Be7 17. Bxg7 Rg8 18. f6 Bf8 19. e5 Qc5 20. Ne2 Bxg7
21. fxg7 Rxg7 22. exd6 Nxd6 23. Rhe1 Kd7 24. Nac3 Rc6 25. Ne4 Qa5 26. Nxd6 Qa1+
27. Kd2 Qa5+ 28. Ke3 Qc5+ 29. Kf3 Qh5+ 30. Kf2 Qc5+ 31. Kf1 1-0

[Event "SV Unser Fritz 1 - SG Mengede 1"]
[Site "Verbandsklasse - Gr. 3 2019/2"]
[Date "2021.08.08"]
[Round "9.6"]
[White "Nowicki, Heiko"]
[Black "Schmidt, Jonas"]
[Result "1/2-1/2"]
[WhiteElo "1787"]
[BlackElo "1755"]
[PlyCount "38"]
[EventDate "2021.??.??"]
[WhiteTeam "SV Unser Fritz 1"]
[BlackTeam "SG Mengede 1"]

1. e4 e5 2. Nf3 Nc6 3. Bb5 Bc5 4. O-O d6 5. d4 exd4 6. Nxd4 Nge7 7. Bg5 Bd7 8.
Nf5 Bxf5 9. exf5 f6 10. Qh5+ Kd7 11. Qh3 Qg8 12. Re1 Re8 13. Nc3 Kc8 14. Be3
Kb8 15. Bxc5 dxc5 16. Re6 Nd4 17. Bxe8 Nxe6 18. fxe6 Qxe8 19. Re1 Qc6 1/2-1/2

[Event "SV Unser Fritz 1 - SG Mengede 1"]
[Site "Verbandsklasse - Gr. 3 2019/2"]
[Date "2021.08.08"]
[Round "9.7"]
[White "Jankowski, Peter"]
[Black "Koch, Till"]
[Result "0-1"]
[WhiteElo "1635"]
[BlackElo "1820"]
[PlyCount "58"]
[EventDate "2021.??.??"]
[WhiteTeam "SG Mengede 1"]
[BlackTeam "SV Unser Fritz 1"]

1. d4 Nf6 2. c4 e6 3. Nc3 Bb4 4. Bd2 Nc6 5. Nf3 b6 6. a3 Be7 7. e4 d6 8. b4 Bb7
9. d5 exd5 10. cxd5 Nb8 11. Nd4 O-O 12. Be2 c6 13. dxc6 Nxc6 14. Nxc6 Bxc6 15.
f3 d5 16. exd5 Nxd5 17. Nxd5 Qxd5 18. Bc3 Bh4+ 19. g3 Qg5 20. Kf2 Rad8 21. Qc1
Qe7 22. Qf4 Rfe8 23. Rhe1 Bg5 24. Qc4 Bd5 25. Qd3 Bb7 26. Qc2 Qe3+ 27. Kg2 Bf6
28. Rac1 Rc8 29. Bd1 Rxc3 0-1

[Event "SV Unser Fritz 1 - SG Mengede 1"]
[Site "Verbandsklasse - Gr. 3 2019/2"]
[Date "2021.08.08"]
[Round "9.8"]
[White "Dlouhy, Peter"]
[Black "Volmer, Martin"]
[Result "1/2-1/2"]
[WhiteElo "1849"]
[BlackElo "1588"]
[PlyCount "39"]
[EventDate "2021.??.??"]
[WhiteTeam "SV Unser Fritz 1"]
[BlackTeam "SG Mengede 1"]

1. d4 c5 2. e3 e6 3. Nf3 Nf6 4. c4 d5 5. Nc3 Nc6 6. Bd3 dxc4 7. Bxc4 cxd4 8.
exd4 Be7 9. O-O O-O 10. Re1 a6 11. a4 Qb6 12. Qb3 Qxb3 13. Bxb3 Rd8 14. Rd1 Nd5
15. Nxd5 exd5 16. Bd2 Bg4 17. Bc3 Bf6 18. Rd2 Bxf3 19. gxf3 Ne7 20. Kg2 1/2-1/2

[Event "SV Waltrop 1 - Weiße Dame Borbeck 1"]
[Site "Verbandsliga - Gr. 1 2019/202"]
[Date "2021.08.08"]
[Round "9.2"]
[White "Gasper, Joern"]
[Black "Hillenbrand, Michael"]
[Result "1-0"]
[WhiteElo "2084"]
[BlackElo "2064"]
[PlyCount "131"]
[EventDate "2021.??.??"]
[WhiteTeam "SV Waltrop 1"]
[BlackTeam "Weiße Dame Borbeck 1"]

1. e4 g6 2. d4 Bg7 3. Nf3 d6 4. Bd3 c5 5. d5 Nf6 6. Nc3 a6 7. a4 Bg4 8. h3 Bxf3
9. Qxf3 Nbd7 10. Qd1 O-O 11. O-O Qc7 12. Re1 Rfe8 13. Bf1 Rac8 14. a5 Nf8 15.
Bf4 h6 16. Qd2 g5 17. Bh2 Ng6 18. Na4 Nd7 19. Ra3 Be5 20. Bxe5 Ndxe5 21. Nb6
Rb8 22. g3 Nd7 23. Nc4 Nde5 24. Nxe5 dxe5 25. h4 f6 26. Bc4 Kg7 27. h5 Nf8 28.
Rea1 Red8 29. Qe2 Qc8 30. Kg2 Rd6 31. Qe3 Nd7 32. Kh2 Qc7 33. Qf3 Nf8 34. Qe2
Nd7 35. Kh1 Qc8 36. Kh2 Qc7 37. Kg2 Qc8 38. Rb1 Qc7 39. Qg4 Nf8 40. f4 Qc8 41.
Qxc8 Rxc8 42. fxe5 fxe5 43. Rb3 Rb8 44. Rf1 Nd7 45. Rf5 b5 46. axb6 Rbxb6 47.
Rxb6 Nxb6 48. Bxa6 Nxd5 49. exd5 Rxa6 50. Rxe5 Ra2 51. Rxe7+ Kf6 52. Re6+ Kf5
53. Rb6 c4 54. c3 Ra5 55. d6 Rd5 56. Kf1 Kg4 57. Rc6 Kxg3 58. Rxc4 Rxd6 59. b4
g4 60. b5 Kf3 61. Rd4 Re6 62. Rd3+ Kf4 63. Kf2 Rf6 64. Kg2 Rf5 65. Rd4+ Ke3 66.
b6 1-0

[Event "SV Waltrop 1 - Weiße Dame Borbeck 1"]
[Site "Verbandsliga - Gr. 1 2019/202"]
[Date "2021.08.08"]
[Round "9.3"]
[White "Korste, Sebastian"]
[Black "Winterberg, Andreas"]
[Result "1/2-1/2"]
[WhiteElo "2006"]
[BlackElo "1987"]
[PlyCount "46"]
[EventDate "2021.??.??"]
[WhiteTeam "Weiße Dame Borbeck 1"]
[BlackTeam "SV Waltrop 1"]

1. d4 d5 2. c4 e6 3. Nc3 Be7 4. cxd5 exd5 5. Bf4 Nf6 6. e3 c6 7. Qc2 O-O 8. Bd3
Re8 9. Nf3 Nbd7 10. h3 Nf8 11. g4 Bb4 12. O-O-O Qa5 13. Kb1 Bxc3 14. bxc3 Ne4
15. Rc1 c5 16. Ne5 Be6 17. f3 Nd6 18. Qb2 f6 19. Ng6 Nc4 20. Bxc4 Nxg6 21. Bb5
Nxf4 22. exf4 Red8 23. Rhe1 Bd7 1/2-1/2